Elementary principles of chemical processes / (Record no. 11669)
[ view plain ]
| 000 -LEADER | |
|---|---|
| fixed length control field | 01396cam a2200301 a 4500 |
| 001 - CONTROL NUMBER | |
| control field | 13814752 |
| 005 - DATE AND TIME OF LATEST TRANSACTION | |
| control field | 20160619102032.0 |
| 008 - FIXED-LENGTH DATA ELEMENTS--GENERAL INFORMATION | |
| fixed length control field | 041214s2005 njua b 001 0 eng |
| 010 ## - LIBRARY OF CONGRESS CONTROL NUMBER | |
| LC control number | 2004060873 |
| 020 ## - INTERNATIONAL STANDARD BOOK NUMBER | |
| International Standard Book Number | 9788126515820 (acidfree paper) |
| 040 ## - CATALOGING SOURCE | |
| Original cataloging agency | DLC |
| Transcribing agency | DLC |
| Modifying agency | DLC |
| 050 00 - LIBRARY OF CONGRESS CALL NUMBER | |
| Classification number | TP155.7 |
| Item number | .F44 2005 |
| 082 00 - DEWEY DECIMAL CLASSIFICATION NUMBER | |
| Classification number | 660.28 |
| Edition number | 22 |
| Item number | FEL |
| 100 1# - MAIN ENTRY--PERSONAL NAME | |
| 9 (RLIN) | 5531 |
| Personal name | Felder, Richard M., |
| Dates associated with a name | 1939- |
| 245 10 - TITLE STATEMENT | |
| Title | Elementary principles of chemical processes / |
| Statement of responsibility, etc | Richard M. Felder, Ronald W. Rousseau. |
| 250 ## - EDITION STATEMENT | |
| Edition statement | 3rd ed. |
| 260 ## - PUBLICATION, DISTRIBUTION, ETC. (IMPRINT) | |
| Place of publication, distribution, etc | India : |
| Name of publisher, distributor, etc | Wiley, |
| Date of publication, distribution, etc | c2000. |
| 300 ## - PHYSICAL DESCRIPTION | |
| Extent | xxvi, 675 p. : |
| Other physical details | ill. ; |
| Dimensions | 27 cm. + |
| Accompanying material | 1 CD-ROM (4 3/4 in.) |
| 504 ## - BIBLIOGRAPHY, ETC. NOTE | |
| Bibliography, etc | Includes bibliographical references and index. |
| 538 ## - SYSTEM DETAILS NOTE | |
| System details note | System requirements for accompanying CD-ROM: Windows 95/98/NT 4.0. |
| 650 #0 - SUBJECT ADDED ENTRY--TOPICAL TERM | |
| Topical term or geographic name as entry element | Chemical processes. |
| 9 (RLIN) | 5532 |
| 700 1# - ADDED ENTRY--PERSONAL NAME | |
| Personal name | Rousseau, Ronald W., |
| Dates associated with a name | 1943- |
| 9 (RLIN) | 5533 |
| 856 41 - ELECTRONIC LOCATION AND ACCESS | |
| Materials specified | Table of contents only |
| Uniform Resource Identifier | <a href="http://www.loc.gov/catdir/toc/wiley051/2004060873.html">http://www.loc.gov/catdir/toc/wiley051/2004060873.html</a> |
| 856 42 - ELECTRONIC LOCATION AND ACCESS | |
| Materials specified | Contributor biographical information |
| Uniform Resource Identifier | <a href="http://www.loc.gov/catdir/enhancements/fy0618/2004060873-b.html">http://www.loc.gov/catdir/enhancements/fy0618/2004060873-b.html</a> |
| 856 42 - ELECTRONIC LOCATION AND ACCESS | |
| Materials specified | Publisher description |
| Uniform Resource Identifier | <a href="http://www.loc.gov/catdir/enhancements/fy0618/2004060873-d.html">http://www.loc.gov/catdir/enhancements/fy0618/2004060873-d.html</a> |
| 942 ## - ADDED ENTRY ELEMENTS (KOHA) | |
| Source of classification or shelving scheme | Dewey Decimal Classification |
| Item type | Book - Borrowing |
| Withdrawn status | Item status | Source of classification or shelving scheme | Damaged status | Not for loan | Vendor | Home library | Current library | Shelving location | Date acquired | Source of acquisition | Cost, normal purchase price | Serial Enumeration / chronology | Total Checkouts | Total Renewals | Full call number | Barcode | Date last seen | Date last borrowed | Koha item type |
|---|---|---|---|---|---|---|---|---|---|---|---|---|---|---|---|---|---|---|---|
| Dewey Decimal Classification | Alahram | Central Library | Central Library | First floor | 28/05/2009 | Purchase | 180.00 | 370 | 8 | 29 | 660.28 FEL | 000016401 | 15/07/2025 | 21/10/2015 | NB - Book (Non borrowing) | ||||
| Dewey Decimal Classification | Alahram | Central Library | Central Library | First floor | 28/05/2009 | Purchase | 370.00 | 1 | 2 | 660.28 FEL | 000016402 | 24/08/2022 | 21/10/2015 | CD | DVD - With book (NB) |